00515 a2200169 450000500170000001000140001702000220003103500130005303700150006608200110008110000190009224500650011126000460017627000460022230000270026850000500029520080826171855.0 aENG-87239 a8176209065c45000 aEN-70772 bDBAD / PUB a363.34 aMurthy, D.B.N. aDisaster managementcby D.B.N. Murthybtext and case studies aNew DelhibDeep & Deep Publicationsc2007 aF-159, Rajouri GardenbNew Delhie110 027 axi, 162p.c24cm (Hb ) aIncludes bibliographical references and index